East to calicut and other plays (Record no. 27651)

000 -LEADER
fixed length control field 00363nam a22001337a 4500
008 - FIXED-LENGTH DATA ELEMENTS--GENERAL INFORMATION
fixed length control field 250218b ||||| |||| 00| 0 eng d
082 00 - DEWEY DECIMAL CLASSIFICATION NUMBER
Classification number 823
Item number B297
100 ## - MAIN ENTRY--PERSONAL NAME
9 (RLIN) 5765
Personal name Tilley, H. H.
245 10 - TITLE STATEMENT
Title East to calicut and other plays
260 ## - PUBLICATION, DISTRIBUTION, ETC. (IMPRINT)
Place of publication, distribution, etc Bombay:
Name of publisher, distributor, etc Blackie & Son India Ltd,
Date of publication, distribution, etc 1955.
300 ## - PHYSICAL DESCRIPTION
Extent 116 p.
650 #0 - SUBJECT ADDED ENTRY--TOPICAL TERM
Topical term or geographic name as entry element English fiction
942 ## - ADDED ENTRY ELEMENTS (KOHA)
Item type Books
Holdings
Withdrawn status Lost status Source of classification or shelving scheme Damaged status Not for loan Permanent location Current location Date acquired Full call number Barcode Date last seen Koha item type
          IMU Kolkata IMU Kolkata 2025-02-18 823 B297 F01402 2025-02-18 Books
Designed and Maintained by IMU-KC Library, Kolkata Campus © Copyright All Rights Reserved

webs counters

Powered by Koha